zpět

Detail výsledku týmu

Burger & Beer Brothers, Olomouc

Datum a čas kvízu

21 Celkem bodů Celkový počet nahraných bodů na tomto kvízu bez doplňovacích otázek.
8. Pořadí na kvízu Konečné umístění týmu na tomto kvízu.

Zaznamenané odpovědi

# Otázka Odpověď Body Výsledky
1. Předseda Senátu Miloš Vystrčil... Pastoral Brothers 1
2. V italských předčasných parlam... Giorgia Meloniová 0
3. Streamovací platforma HBO Max... The Last of Us 1
4. V noci na úterý byla završena... DART 1
5. Mezinárodní basketbalová feder... Mali 0
6. Říjnové kalendárium začneme 2.... Příhody lišky Bystroušky 0
7. Dne 10. října 1946 se narodil... Tmavomodrý svět 0
8. Dne 14. října překonal pilot C... 1947 0
9. Ve kterém hlavním městě došlo... v Paříži 0
10. Dne 29. října 1863 byla po kon... (Mezinárodní) Červený kříž 0